000 00173 a2200085 4500
020 _a9781485312154
082 _aAF BAKK
100 _aBAKKES, C
245 _aHOU DIE KRUIT DROOG
999 _c793263
_d793262
942 _w269
_xNkakole Lesufi
_y269
_zNkakole Lesufi